| 000 | 01255naa a22003497a 4500 | ||
|---|---|---|---|
| 001 | BR8803001 | ||
| 003 | BR-BrBNA | ||
| 005 | 20240918180018.0 | ||
| 007 | ta | ||
| 008 | 230509b bl.||||| |||| 00| 0 por d | ||
| 040 |
_aBR-BrBNA _bpor _cBiblioteca Nacional de Agricultura |
||
| 041 | _a(Pt) | ||
| 072 |
_aH20 _b2120 _b4120 _b3875 |
||
| 090 | _aH20 BR8803001 | ||
| 100 | 1 | _aLlisto, A.M.S.M. | |
| 100 | 1 | _aSouza, L.G. de | |
| 111 | 1 |
_a9. Congresso Nacional de Analistas de Residuos de Pesticidas _cSao Paulo, SP (Brazil) _d27-31 May 1985 |
|
| 245 | 1 | _aEstudo do efeito do processamento sobre residuo de clorotalonil em graos de cafe | |
| 260 | 3 |
_aSao Paulo, SP (Brasil): _c1985. |
|
| 500 | _aRelatorio 9. Encontro Nacional de Analistas de Residuos de Pesticidas Sao Paulo, SP (Brasil): 1985. p. 77-91 (BR8803001-AM)H20 | ||
| 650 | _aCAFE | ||
| 650 | _aANTRACNOSE | ||
| 650 | _aMANCHA DE OLHO PARDO | ||
| 650 | _aFERRUGEM | ||
| 650 | _aREQUEIMA | ||
| 650 | _aQUEIMA DO FIO | ||
| 650 | _aFUNGICIDA | ||
| 650 | _aCONTROLE QUIMICO | ||
| 773 | 0 |
_tRelatorio 9. Encontro Nacional de Analistas de Residuos de Pesticidas _wH20 BR8803001 _gSao Paulo, SP (Brasil), 1985. p. 77-91 |
|
| 909 |
_a202404 _bLucia _c55 _dLucia Elande |
||
| 942 |
_cAM _2AGRIS |
||
| 999 |
_c319192 _d319192 |
||